000 00801nam a2200229 a 4500
001 000025942
005 20200930024154.0
008 110224s1987 xxua r 000 0 spa d
020 _a0311290108
040 _aDO-SdBNP
_bspa
_cBNPHU
041 1 7 _aspa
_heng
_2Código de idiomas MARC
082 _a291.72
_bW734b
100 1 _aWillis, Avery.
_952804
240 1 0 _aBiblical basis of missions.
_lEspañol
245 1 3 _aLa base bíblica de las misiones /
_cAvery Willis ; traducción de Josie de Smith.
260 _aEstados Unidos :
_bCasa Bautista de Publicaciones,
_c1987.
300 _a142 p. :
_bil. ;
_c21 cm.
490 1 _aCasa Bautista de Publicaciones.
_v29010
534 _aTítulo original :
_tBiblical basis of missions
650 4 _aMisiones
_952805
700 1 _aSmith, Josie de,
_etr.
_952806
999 _c25434
_d25434